Aspekty strategického rozvoja privátnej značky slovenského obchodného reťazca
Identifikácia atribútov privátnej značky slovenského obchodného reťazca CBA ako významného konkurenčného nástroja. Návrh možných strategických riešení na posilnenie pozícií privátnej značky v zložitom konkurenčnom prostredí prostredníctvom dôsledne naplánovaných krokov v krátkodobom, strednodobom a...
Uložené v:
| Hlavný autor: | |
|---|---|
| Médium: | Kapitola |
| Jazyk: | Slovak |
| Predmet: | |
| Tagy: |
Žiadne tagy, Buďte prvý, kto otaguje tento záznam!
|
MARC
| LEADER | 00000naa a2200000 4500 | ||
|---|---|---|---|
| 001 | 0179544 | ||
| 005 | 20240502073042.4 | ||
| 041 | 0 | |a slo | |
| 044 | |a SK | ||
| 245 | 1 | 0 | |a Aspekty strategického rozvoja privátnej značky slovenského obchodného reťazca |c Anna Hrnčiarová Turčiaková |
| 520 | |a Identifikácia atribútov privátnej značky slovenského obchodného reťazca CBA ako významného konkurenčného nástroja. Návrh možných strategických riešení na posilnenie pozícií privátnej značky v zložitom konkurenčnom prostredí prostredníctvom dôsledne naplánovaných krokov v krátkodobom, strednodobom a dlhodobom horizonte. | ||
| 610 | 2 | 0 | |a značky maloobchodné |
| 610 | 2 | 0 | |a reťazce obchodné |
| 610 | 2 | 0 | |a konkurencia |
| 610 | 2 | 0 | |a potravinárstvo |
| 610 | 2 | 0 | |a stratégia marketingová |
| 100 | 1 | |a Hrnčiarová Turčiaková, Anna | |